Builders attack landmark ruling (Record no. 68668)

MARC details
000 -LEADER
fixed length control field 01336cam a2200217 4500
001 - CONTROL NUMBER
control field WB3740-22
008 - FIXED-LENGTH DATA ELEMENTS--GENERAL INFORMATION
fixed length control field 011025n2001 000 0 eng u
035 ## - SYSTEM CONTROL NUMBER
System control number (Sirsi) u115304
245 ## - TITLE STATEMENT
Title Builders attack landmark ruling
260 ## - PUBLICATION, DISTRIBUTION, ETC.
Date of publication, distribution, etc. 2001
490 ## - SERIES STATEMENT
Series statement RICS Residential Faculty News
Volume/sequential designation 22 October 2001, (1)
520 ## - SUMMARY, ETC.
Summary, etc. Representatives from the house building industry including the National Housing Federation have attacked the landmark High Court Decision "Barnet LBC v SoS Environment and McCarthy & Stone (Developments) Ltd"QBD 23 August 2001 which quashed the planning inspectorαs decision that a sheltered housing development site would not be economically viable if the developer was required to include affordable housing on the grounds that the evidence before him showed that the inclusion of affordable housing was viable. Full copy of judgment available on the Court Service web site: http://porch.ccta.gov.uk/courtser/judgements.nsf/Search/F764A267FA7B103080256AB7003FF619?OpenDocument
590 ## - LOCAL NOTE (RLIN)
Local note WB
650 ## - SUBJECT ADDED ENTRY--TOPICAL TERM
Topical term or geographic name entry element BARNET LBC V SOS ENVIRONMENT AND MCCARTHY & STONE (DEVELOPMENTS)
650 ## - SUBJECT ADDED ENTRY--TOPICAL TERM
Topical term or geographic name entry element HOUSE BUILDING INDUSTRY
650 ## - SUBJECT ADDED ENTRY--TOPICAL TERM
Topical term or geographic name entry element DEVELOPMENT PLANS
650 ## - SUBJECT ADDED ENTRY--TOPICAL TERM
Topical term or geographic name entry element SOCIAL HOUSING
650 ## - SUBJECT ADDED ENTRY--TOPICAL TERM
Topical term or geographic name entry element Affordable housing
9 (RLIN) 6215
690 ## - LOCAL SUBJECT ADDED ENTRY--TOPICAL TERM (OCLC, RLIN)
Topical term or geographic name as entry element ENVIRONMENTAL AND LAND CONSULTANCY-PLANNING AND DEVELOPMENT
942 ## - ADDED ENTRY ELEMENTS (KOHA)
Suppress in OPAC 0
Holdings
Withdrawn status Lost status Source of classification or shelving scheme Damaged status Not for loan Home library Current library Shelving location Date acquired Total Checkouts Full call number Barcode Date last seen Copy number Price effective from Koha item type
    Dewey Decimal Classification     London London News article 25/10/2001   WB3740-22 115304-1001 06/08/2019 1 06/08/2019 News article